000 00796cam a2200253 4500
001 24275
003 BD-RjUL
005 20211209001029.0
008 140313s1970 flu b 000 0beng
035 _a(BD-RjUL)24341
040 _aDLC
_cDLC
_dDLC
_dBD-RjUL
_beng
041 _aeng
082 0 0 _a973.410924
_bWIM 1970
100 1 _aWilbur, William H.
_q(William Hale),
_d1888-1979.
_974770
245 1 4 _aThe making of George Washington /
_cby William H. Wilbur. With a foreword by Kenneth D. Wells.
250 _a1st ed.
260 _aDeLand, Fla. :
_bPatriotic Education,
_c1970.
300 _axv, 256 p. ;
_c18 cm.
504 _aIncludes bibliographical references.
600 1 0 _aWashington, George,
_d1732-1799.
_974772
942 _2ddc
_cBK
999 _c24275
_d24275